00933nam a2200205 a 450000100100000000500170001000800410002704000250006808200160009324500890010926000590019830000210025749000190027865000430029783000260034095201140036695201150048095201150059599900170071000003664720200930075842.0120124s1963 mx 000 0 spa d aDO-SdBNPbspacBNPHU a658.1bR31100aRecursos administrativos para pequeñas empresas. /ceditado por Edward L. Anthony. aMéxico :bCentro Regional de Ayuda Técnica,c1963. a176 p. ;c23 cm.1 aAnuariovno. 2 4aMicroempresasxAdministración937130 0aAnuariovno. 2962934 001050718MOaGRbGRcCTd2012-01-24iLF1l0o658.1 R311p36647-10r2020-06-25w2020-06-25y1ZNo se presta 0010507-18MOaGRbGRcOId2012-01-24iLF1l0o658.1 R311p36648-10r2020-06-25w2020-06-25y1ZNo se presta 0010507-18MOaGRbGRcOId2012-01-24iLF1l0o658.1 R311p36649-10r2020-06-25w2020-06-25y1ZNo se presta c36138d36138